| 000 | 00487nam a2200157 4500 | ||
|---|---|---|---|
| 001 | 127985 | ||
| 003 | ES-MaACL | ||
| 005 | 20230906193132.0 | ||
| 007 | t| | ||
| 008 | 070214s1968 sp r ||||1| spa d | ||
| 100 | 1 |
_aRíos González, José Antonio. _997383 |
|
| 245 | 1 | 0 |
_aFormación matrimonial _b: (esquemas para reuniones de equipos) / _cJosé Antonio Ríos González. |
| 260 |
_aBilbao : _bMensajero, _c1968. |
||
| 300 |
_a157 p. ; _c19 cm. |
||
| 852 |
_aES-MaACL _jC-51415 _bR.68184 |
||
| 999 |
_c127985 _d127985 |
||